| 000 | 00717nam a22002297a 4500 | ||
|---|---|---|---|
| 003 | UA-OsUOA | ||
| 001 | 90948 | ||
| 007 | ta | ||
| 008 | 20121120b un ||||| |||| 00| 0 ukr d | ||
| 090 |
_a821.161.2 _bУ11 |
||
| 942 | _cBK | ||
| 040 |
_aUA-OsUOA _bukr _cUA-OsUOA _dUA-OsUOA |
||
| 245 |
_aУ півстолітніх змаганнях _bвибр. листи до Кирила Студинського (1891-1941) _cУпоряд. О.В. Гайова |
||
| 300 | _a768 с. | ||
| 955 | _a3 | ||
| 041 | _aukr | ||
| 080 | _a821.161.2 | ||
| 020 | _a5-12-003999-5 | ||
| 260 |
_aК. _bНаукова думка _c1993 |
||
| 650 | 7 |
_a82 Література. Літературознавство _2UDC |
|
| 999 |
_c377249 _d377249 |
||